000 00611nam a2200241 a 4500
001 13081
003 BD-JhCC
005 20230624104628.0
008 230624s2010 bg |||| |||| 000 0 eng d
020 _a9780553825480
035 _a(BD-JhCC)13081
040 _aBD-JhCC
_dBD-JhCC
041 _aeng
082 _a813.54
_bCHI 2010
100 _aChild, Lee
245 _aWorth daying for /
_cLee Child
260 _aLondon :
_bBantam,
_c2010
300 _a509 p. :
_c20 cm.
490 _aA Jack Reacher Thriller
650 _aReacher, Jack (Fictitious character)
650 _aThriller
942 _2ddc
_cBK
999 _c13081
_d13081